000 00532nam a2200133Ia 4500
005 20260209120144.0
008 260209s9999||||xx |||||||||||||| ||und||
100 _aAnupam Shivam
245 4 _aThe caste-struggle within scheduled caste and scheduled tribe : the need for sub-classification and creamy layer
260 _aBangaloreBangalore
_bNLSIU, Bangalore
_c2021
300 _a58 p. ; 25 cm.
700 _aProf. Sudhir Krishnaswamy - GuideProf. Sudhir Krishnaswamy - Guide
856 _uhttps://dans.nls.ac.in/handle/123456789/856
999 _c217492
_d217492